Art škôlka

Salvato in:
Dettagli Bibliografici
Autore principale: Janičová, Marieta (Autore)
Altri autori: Tóthová, Zuzana (Relatore della tesi)
Natura: Manoscritto Libro
Lingua:slovacco
Pubblicazione: Bratislava 2017
Soggetti:
Accesso online:http://is.stuba.sk/zp/portal_zp.pl?podrobnosti=111440
Tags: Aggiungi Tag
Nessun Tag, puoi essere il primo ad aggiungerne!!

MARC

LEADER 00000ntm a22000003a 4500
001 stuzp63743
003 SK-STU
005 20210201105624.2
007 ta
008 150427s2015----xo-----f-mn---000-0-slo-d
040 |a STU  |b slo 
041 0 |a slo 
100 1 |a Janičová, Marieta  |u 051110  |4 aut  |U FAD Fakulta architektúry  |T FA Ústav architektúry obytných budov  |X 65254  |U A1110  |Y 392  |7 65254 
242 0 1 |a Art kindergarden  |y eng 
245 1 0 |a Art škôlka 
260 |c 2017  |a Bratislava 
650 4 |a školské stavby  |2 slo 
650 4 |a Petržalka  |2 slo 
650 4 |a umelecké dielne  |2 slo 
650 4 |a centrálny typ  |2 slo 
650 4 |a art škôlka  |2 slo 
650 4 |a Petržalka  |2 eng 
650 4 |a central disposition  |2 eng 
650 4 |a art kindergarden  |2 eng 
650 4 |a art classes  |2 eng 
650 4 |a education building  |2 eng 
700 1 |a Tóthová, Zuzana  |u 051110  |k Z1  |4 ths  |U FAD Fakulta architektúry  |T FA Ústav architektúry obytných budov  |X 389  |U A1110  |Y 392  |7 A000000389 
856 4 |u http://is.stuba.sk/zp/portal_zp.pl?podrobnosti=111440  |u https://opac.crzp.sk/?fn=detailBiblioForm&sid=85D30AFD358849054C95B24E20A9